Tallest Buildings Timeline Picture - Statistics

General Stats
  • This quiz has been taken 27 times
  • The average score is 6 of 7
Answer Stats
Picture Answer % Correct
Empire State Building
100%
Burj Khalifa
96%
World Trade Center
96%
Petronas Towers
79%
Chrysler Building
71%
Taipei 101
67%
Sears Tower
58%
No matching quizzes found
Score Distribution
Percent of People with Each Score
Percentile by Number Answered
Your Score History
You have not taken this quiz